| 000 | 00844nam a2200253 a 4500 | ||
|---|---|---|---|
| 001 | 44626 | ||
| 003 | BD-RjUL | ||
| 005 | 20211209053906.0 | ||
| 008 | 160718s1967 enk b 000 0 eng | ||
| 035 | _a(BD-RjUL)44744 | ||
| 040 |
_aDLC _cDLC _dDLC _dBD-RjUL _beng |
||
| 041 | _aeng | ||
| 082 | 0 | 0 |
_a301 _223 _bSPE 1967 |
| 100 | 1 |
_aSpencer, Herbert, _d1820-1903. _9136896 |
|
| 245 | 1 | 4 |
_aThe evolution of society : _bselections from Herbert Spencer's Principles of sociology. / _cEdited and with an introd. by Robert L. Carneiro. |
| 260 |
_aLondon : _bUniversity of Chicago Press, _c1967 |
||
| 300 |
_avii, 241 p. ; _c23 cm. |
||
| 490 | 0 | _aClassics in anthropology | |
| 504 | _aBibliography: p. (218-230). | ||
| 650 | 0 |
_aSociology. _9136897 |
|
| 700 | 1 |
_aCarneiro, Robert Leonard, _d1927- _9136898 |
|
| 942 |
_2ddc _cBK |
||
| 999 |
_c44626 _d44626 |
||